Catálogo
 En Linea

Decretos conservacionistas del libertador / (Registro nro. 13518)

Detalles MARC
000 -CABECERA
campo de control de longitud fija 00830cam a2200205 a 4500
001 - NÚMERO DE CONTROL
campo de control 000013913
005 - FECHA Y HORA DE LA ÚLTIMA TRANSACCIÓN
campo de control 20200929163410.0
008 - DATOS DE LONGITUD FIJA--INFORMACIÓN GENERAL
campo de control de longitud fija 820130s1979 ve f000 0 spa d
040 ## - FUENTE DE LA CATALOGACIÓN
Centro catalogador/agencia de origen DO-SdBNP
Centro/agencia transcriptor DLC
Centro/agencia modificador DLC
-- BNPHU
043 ## - CÓDIGO DE ÁREA GEOGRÁFICA
Código de área geográfica s-ve
049 ## - FONDOS LOCALES (OCLC)
Fondos de biblioteca BNGR
082 00 - NÚMERO DE LA CLASIFICACIÓN DECIMAL DEWEY
Número de clasificación 346.86104/67/02632
-- 348.610646702632
Número de edición 19
110 1# - ENTRADA PRINCIPAL--NOMBRE DE ENTIDAD CORPORATIVA
Nombre de entidad corporativa o nombre de jurisdicción como elemento de entrada República de Venezuela,
Subencabezamiento de forma Ministerio del Ambiente y de los Recursos Naturales Renovables.
9 (RLIN) 31533
245 10 - MENCIÓN DE TÍTULO
Título Decretos conservacionistas del libertador /
Mención de responsabilidad, etc. Presentación de Carlos Febres Pobeda.
260 ## - PUBLICACIÓN, DISTRIBUCIÓN, ETC.
Lugar de publicación, distribución, etc. Caracas :
Nombre del editor, distribuidor, etc. Republica de Venezuela, Ministerio del Ambiente y de los Recursos Naturales Renovables,
Fecha de publicación, distribución, etc. 1979.
300 ## - DESCRIPCIÓN FÍSICA
Extensión 59, [2] p. ;
Dimensiones 22 cm.
650 #0 - PUNTO DE ACCESO ADICIONAL DE MATERIA--TÉRMINO DE MATERIA
Término de materia o nombre geográfico como elemento de entrada Natural resources
Subdivisión general Law and legislation
Subdivisión geográfica Colombia.
9 (RLIN) 31534
700 1# - PUNTO DE ACCESO ADICIONAL--NOMBRE DE PERSONA
Nombre de persona Febres Pobeda, Carlos,
9 (RLIN) 31535
910 ## - DATOS DE OPCIÓN DEL USUARIO (OCLC)
Datos de opción del usuario Catalogación derivada
Existencias
Estado de retiro Estado de pérdida Restricciones de uso No para préstamo Código de colección Localización permanente Ubicación/localización actual Ubicación en estantería Fecha de adquisición Número de inventario Total de préstamos Signatura topográfica completa Código de barras Fecha visto por última vez Número de copia Precio válido a partir de Tipo de ítem Koha
    Préstamo restringido Préstamo restrigido Monografías: Libros y Folletos General General En catalogación 01.12.2009 LF1   346.86104/67/02632 348.610646702632 13913-10 25.06.2020 e. 1 25.06.2020 Préstamo interno

Con tecnología Koha